000 00654nam a2200217Ia 4500
003 GCL
008 140319s9999 xx 000 0 ara d
040 _aGCL /
_cGCL
082 0 4 _a810.8009
_bر م
100 1 _aالرابطة القلمية
245 1 0 _aمجموعة الرابطة القلمية لسنة 1921 /
_cالرابطة القلمية
260 _a[S.N] :
_bدار صادر ،
_c1964
300 _a326 ص
490 _a
650 0 4 _aالشعر العربى
650 0 4 _aالادب العربى
650 0 4 _aالعصر الحديث
650 0 4 _aالبلاغة العربية
650 0 4 _aالمجموعات
942 _2ddc
_cBK
999 _c37460
_d37460